000 00358nam a2200157Ia 4500
003 0STCL
008 150530s9999 xx 000 0 und d
040 _aSTCL
_cSTCL
100 _aSyed Assad Ali Ed.
245 _aVyavaharik Urdu-Hindi shabda Kosh
260 _c1996
546 _aEnglish
942 _2ddc
_cBK
999 _c45392
_d45392
005 20220125170649.0